000 01312pam a2200361 a 4500
999 _c617
_d617
001 3296008
003 GZU
005 20200908150849.0
008 830527m19849999enkb b 001 0 eng
010 _a 83011986
020 _a0582490286 (v. 1) :
_c£5.95 (est.)
020 _a0582490294
040 _aDLC
_cDLC
_dDLC
043 _ae------
050 0 0 _aD 299
082 0 0 _a940.2/8
_219
100 1 _aGrant, A. J.
_q(Arthur James),
_d1862-1948.
240 1 0 _aEurope in the nineteenth and twentieth centuries
245 1 0 _aGrant and Temperley's Europe in the nineteenth and twentieth centuries.
250 _a7th ed. /
_bAgatha Ramm.
260 _aLondon ;
_aNew York :
_bLongman,
_cc1984-
300 _axvii, 373p.
_bill.
_c21 cm.
500 _aRev. ed. of: Europe in the nineteenth and twentieth centuries. 6th ed. 1971.
504 _aIncludes bibliographical references and index.
505 1 _a-- [v. 2] Europe in the twentieth century, 1905-1970.
651 0 _aEurope
_xHistory
_y1789-1900.
651 0 _aEurope
_xHistory
_y20th century.
700 1 _aTemperley, Harold William Vazeille,
_d1879-1939.
700 1 _aRamm, Agatha.
740 0 _aEurope in the nineteenth and twentieth centuries.
906 _a0
_bcbc
_corignew
_d1
_eocip
_f19
_gy-gencatlg
942 _cBK
_evol 2.
_h299
_iRAM
_kD